| 000 | 01080cam a22003494a 4500 | ||
|---|---|---|---|
| 001 | 17154979 | ||
| 003 | OSt | ||
| 005 | 20220103100308.0 | ||
| 008 | 120208s2012 njua 001 0 eng | ||
| 010 | _a 2012005815 | ||
| 020 | _a9788126543953 | ||
| 035 | _a(OCoLC)ocn299699736 | ||
| 038 | _akhadija | ||
| 040 |
_aDLC _beng _cDLC _dYDX _dBTCTA _dYDXCP _dBDX _dBWX _dDLC |
||
| 042 | _apcc | ||
| 050 | 0 | 0 |
_aTJ170 _b.M47 2014 |
| 082 | 0 | 0 |
_a620.104 _223 _bMER |
| 084 |
_aTEC009070 _2bisacsh |
||
| 100 | 1 |
_aMeriam, J. L. _q(James L.) _987237 |
|
| 245 | 1 | 0 |
_aEngineering Mechanics Dynamics / _cJ.L. Meriam, L.G. Kraige. |
| 246 | 3 | 0 | _aDynamics |
| 250 | _a7th | ||
| 260 |
_aHoboken, NJ : _bWiley, _cc2014. |
||
| 300 |
_axviii, 723 p. : _bill. (some col.) ; _c26 cm. |
||
| 500 | _aIncludes index. | ||
| 563 | _aPB | ||
| 650 | 0 |
_aMachinery, Dynamics of. _987238 |
|
| 700 | 1 |
_aKraige, L. G. _q(L. Glenn) _987239 |
|
| 906 |
_a7 _bcbc _corignew _d1 _eecip _f20 _gy-gencatlg |
||
| 942 |
_2ddc _cBK |
||
| 999 |
_c33546 _d33546 |
||